| 000 | 00415nam a2200169Ia 4500 | ||
|---|---|---|---|
| 008 | 231221s9999 xx 000 0 und d | ||
| 020 | _a81-297-0485-4 | ||
| 041 | _aEnglish | ||
| 082 | _a621.392 SKA | ||
| 100 | _aSkahill, Kevin Legenhausen, Jay cont. | ||
| 245 | 0 | _aVHDL for programmable logic | |
| 260 |
_c1996 _bPearson _aDelhi |
||
| 300 | _axiii+593 | ||
| 300 | _c39982 | ||
| 650 | _aVHDL | ||
| 942 | _cCD | ||
| 999 |
_c203360 _d203360 |
||